00490nam a2200169Ia 4500020001800000082002400018100002000042245005000062260003800112300001000150650002200160650001900182650003300201650002700234650002800261650003100289 a0-7069-7351-8 a307.141720954 MAH-; aMahapatra, L.K. 0aTribal development in India: myth and reality aNew DelhibVikas Publishingc1994 a119p. aEthnology - India aTribes - India aTribes - Economic conditions aLectures and lecturing aIndia - Economic policy aTribes - Social conditions